Statistics for WWE - Firsts

Click here to take the quiz!

General Stats

  • This quiz has been taken 399 times
    (365 since last reset)
  • The average score is 26 of 48

Answer Stats

First...Wrestler% Correct
NXT Dusty Rhodes Tag Team Classic winnerFinn Balor
93%
Universal ChampionFinn Balor
93%
Raw Women's ChampionCharlotte Flair
89%
Smackdown Women's ChampionBecky Lynch
84%
Money In The Bank Contract winnerEdge
83%
NXT ChampionSeth Rollins
81%
World Heavyweight Champion (2002-2013 version)Triple H
80%
Women's Tag Team Champion (2019-present version)Bayley
76%
Royal Rumble winnerJim Duggan
76%
Women's Tag Team Champion (2019-present version)Sasha Banks
76%
Intercontinental ChampionPat Patterson
73%
WWE ChampionBuddy Rogers
70%
Andre The Giant Memorial Battle Royal winnerCesaro
70%
Hardcore ChampionMankind
70%
Smackdown Tag Team ChampionHeath Slater
65%
WWE / Raw Tag Team Champion (2002-present version)Kurt Angle
65%
WWE wrestler to win any WCW title belt during the Invasion in 2001Kurt Angle (WCW Championship)
65%
Smackdown Tag Team ChampionRhyno
65%
United States Champion (2003-present version)Eddie Guerrero
62%
NXT Women's ChampionPaige
61%
WWE / Raw Tag Team Champion (2002-present version)Chris Benoit
60%
Cruiserweight Classic tournament winnerTJ Perkins
60%
Cruiserweight Champion (2016-present version)TJ Perkins
60%
NXT North American ChampionAdam Cole
58%
24/7 ChampionTitus O'Neil
58%
United Kingdom ChampionTyler Bate
55%
NXT Tag Team ChampionAdrian Neville
54%
Women's Champion (1956-2010 version)The Fabulous Moolah
54%
Mixed Match Challenge tournament winnerAsuka
52%
Mixed Match Challenge tournament winnerThe Miz
52%
European ChampionThe British Bulldog
48%
WrestleMania Women's Battle Royal winner (2018 onwards)Naomi
47%
UK Women's ChampionRhea Ripley
46%
NXT Dusty Rhodes Tag Team Classic winnerSamoa Joe
45%
Diva's ChampionMichelle McCool
44%
Brawl for All tournament winnerBart Gunn
42%
Mae Young Classic tournament winnerKairi Sane
39%
Tough Enough winner (Mens)Maven
39%
Light Heavyweight ChampionTaka Michinoku
29%
NXT Tag Team ChampionOliver Grey
27%
Diva Search contest winnerChristy Hemme
22%
King of the Ring Tournament winnerDon Muraco
22%
Tough Enough winner (Women's)Nidia
22%
World Tag Team Champion (1971-2010 version)Tarzan Tyler
21%
WCW wrestler to win any WWE title belt during the Invasion in 2001Mike Awesome (Hardcore Title)
19%
UK Tag Team ChampionJames Drake
16%
UK Tag Team ChampionZack Gibson
16%
World Tag Team Champion (1971-2010 version)Luke Graham
10%

Score Distribution

Percentile by Number Answered

Percent of People with Each Score

Your Score History

You have not taken this quiz since the last reset